| Tag |
First Indicator |
Second Indicator |
Subfields |
| LEADER |
00000cam a2200000 i 4500 |
| 001 |
in00000100690 |
| 005 |
20150924160953.0 |
| 008 |
791031s1977 th i10000 eng |
| 010 |
|
|
|a 79318443
|
| 035 |
|
|
|a (OCoLC)05799200
|
| 035 |
|
|
|9 AAL0793AM
|
| 040 |
|
|
|a DLC
|c DLC
|d TXA
|d UtOrBLW
|
| 043 |
|
|
|a a------
|
| 049 |
|
|
|a TXAM
|c [979473]
|
| 050 |
0 |
0 |
|a LB1727.A69
|b P69
|
| 082 |
0 |
|
|a 370/.72/095
|
| 245 |
0 |
0 |
|a Preparing teachers for education in rural development, a handbook :
|b report of a teacher educators' study group, Bangkok, 18 October-6 November 1976.
|
| 264 |
|
1 |
|a Bangkok :
|b Asian Centre of Educational Innovation for Development, UNESCO Regional Office for Education in Asia,
|c 1977.
|
| 300 |
|
|
|a 105 pages ;
|c 27 cm.
|
| 336 |
|
|
|a text
|b txt
|2 rdacontent
|
| 337 |
|
|
|a unmediated
|b n
|2 rdamedia
|
| 338 |
|
|
|a volume
|b nc
|2 rdacarrier
|
| 500 |
|
|
|a At head of title: Asian Programme of Educational Innovation for Development.
|
| 650 |
|
0 |
|a Teachers
|x Training of
|z Asia
|x Congresses.
|
| 650 |
|
0 |
|a Rural development
|z Asia
|v Congresses.
|
| 710 |
2 |
|
|a Asian Programme of Educational Innovation for Development.
|
| 999 |
|
|
|a MARS
|
| 999 |
f |
f |
|s 23ace773-5f97-3f07-99a8-8cdd63be20d7
|i c91b83ca-36aa-3cd9-9b57-2cb733546ef1
|t 0
|
| 952 |
f |
f |
|p normal
|a Texas A&M University
|b College Station
|c Sterling C. Evans Library
|d Evans: Library Stacks
|t 0
|e LB1727.A69 P69
|h Library of Congress classification
|i unmediated -- volume
|m A14803274249
|
| 998 |
f |
f |
|a LB1727.A69 P69
|t 0
|l Evans: Library Stacks
|